|
|
|
|
| LEADER |
01197nam a2200277 a 4500 |
| 001 |
GR-MES12878 |
| 008 |
070827s gr b 001 0 gre d |
| 020 |
|
|
|a 0486432483
|
| 040 |
|
|
|a GrPaTEI
|b gre
|c GR-PaULI
|
| 040 |
|
|
|a GrPaTEI
|b gre
|c GR-PaULI
|
| 082 |
|
0 |
|a 551.46
|2 21
|
| 100 |
1 |
|
|a Maury, Matthew Fontaine
|
| 245 |
1 |
4 |
|a The physical geography of the sea and its meteorology /
|c Matthew Fontaine Maury ; Edited by: John Leighly.
|
| 260 |
|
|
|a Mineola, New York :
|b Dover Publications, inc.,
|c 2003
|
| 300 |
|
|
|a xxx
|a 432σ. :
|b εικ., χάρτες, πίν. ;
|c 25εκ.
|
| 490 |
0 |
|
|a Dover books on Earth sciences
|
| 504 |
|
|
|a Περιλαμβάνει βιβλιογραφίες και ευρετήριο.
|
| 650 |
|
0 |
|a Marine meteorology
|
| 650 |
|
0 |
|a Oceanography
|
| 650 |
|
4 |
|a Ναυτική μετεωρολογία
|
| 650 |
|
4 |
|a ΩΚΕΑΝΟΓΡΑΦΙΑ
|
| 700 |
1 |
|
|a Leighly, John
|
| 942 |
|
|
|2 ddc
|
| 952 |
|
|
|0 0
|1 0
|2 ddc
|4 0
|6 551_460000000000000_MAU
|7 0
|9 271413
|a MSLG
|b MSLG
|c BSC
|d 2021-01-17
|e 24
|f 0
|g 0.00
|l 0
|o 551.46 MAU
|p 2420000021987
|r 2021-01-17 00:00:00
|t 1
|w 2021-01-17
|y BK15
|x 20070827 0 ΤΣΑΝΤΑΡΛΙΩΤΗ 1
|x GrPaTEI
|
| 971 |
|
|
|a .b25789259
|b 15-04-20
|c 13-09-16
|
| 999 |
|
|
|c 156779
|d 156779
|